[Event "Prague Festival Open 2019"]
[Site "Prague"]
[Date "2019.03.13"]
[Round "6.5"]
[White "Rakotomaharo, Fy Antenaina"]
[Black "Stany, G.A."]
[Result "0-1"]
[WhiteElo "2409"]
[BlackElo "2507"]
[Annotator "TA"]
[PlyCount "64"]
[EventDate "2019.02.28"]
[EventType "tourn"]
[EventCountry "CZE"]
[SourceTitle "playchess.com"]
[Source "ChessBase"]
[SourceQuality "1"]

{[%evp 14,64,29,34,34,23,23,20,23,22,27,23,23,22,22,27,39,48,74,15,8,-72,-66,-43,-56,-69,-60,-56,-37,-44,-35,-39,-43,-38,-45,-51,-36,-69,-70,-100,-100,-262,-266,-260,-277,-271,-235,-224,-216,-604,-619,-545,-555]} 1. d4 Nf6 2. c4 e6 3. Nc3 Bb4 4. e3 b6 5. Nge2 c5 6. a3 Ba5 7. Rb1 Na6 8. Ng3 Bb7 {E42: Nimzo-Indian: Rubinstein: 4...c5 5 Ne2} 9. f3 O-O 10. Bd3 d5 {The position is equal.} 11. O-O Bxc3 (11... cxd4 12. Nb5 dxc4 13. Bxc4 Rc8 14. Qe2 Bd5 15. Bxd5 Qxd5 16. e4 {1-0 (63) Tomashevsky,E (2728)-Caruana,F (2787) Wijk aan Zee 2016}) 12. bxc3 Rc8 13. cxd5 $146 ({Predecessor:} 13. Qe2 Nb8 14. cxd5 Nxd5 15. Bd2 cxd4 16. cxd4 {0-1 (52) Michalski,F (2151)-Cukrowski,F (2367) Poronin 2016}) 13... Nxd5 14. Ne2 cxd4 15. cxd4 Nb8 {[%cal Ba6b8,Bb8c6,Bc6d4][%mdl 32]} 16. Rb3 ({Better is} 16. Bd2 $16) 16... Nc6 $11 17. e4 {[#]} (17. Bd2 $11 {remains equal.}) 17... Nxd4 $1 $17 18. exd5 Nxb3 19. Qxb3 Qxd5 20. Qb1 Qc5+ 21. Kh1 h6 22. Bb2 Rfd8 23. Ng3 Rd7 24. Rc1 Qa5 25. Bc2 Qd2 $36 {[%mdl 2048] Black has good play.} 26. Bh7+ Kh8 {( -> ...Rxc1+)} 27. Rg1 $2 {[#]} (27. Rxc8+ $17 {was the only chance.} Bxc8 28. Bc2) 27... f5 $1 $19 28. Nxf5 Kxh7 29. Nxg7+ Qc2 30. Nxe6 Rd2 {aiming for ...Qxb1.} 31. Be5 $2 (31. Qxc2+ Rcxc2 32. Be5) 31... Qxb1 32. Rxb1 Re2 {Accuracy: White = 28%, Black = 86%.} 0-1

[Event "Prague Festival Open 2019"]
[Site "Prague"]
[Date "2019.03.13"]
[Round "6.6"]
[White "Dong, Bao Nghia"]
[Black "Gasanov, Eldar"]
[Result "0-1"]
[WhiteElo "2180"]
[BlackElo "2500"]
[Annotator "TA"]
[PlyCount "106"]
[EventDate "2019.02.28"]
[EventType "tourn"]
[EventCountry "CZE"]
[SourceTitle "playchess.com"]
[Source "ChessBase"]
[SourceQuality "1"]

{[%evp 9,106,13,6,-8,-4,-24,-27,-30,-12,-16,-16,-66,-42,-46,-59,-56,-58,-135,-128,-129,-137,-134,-135,-313,-147,-168,-162,-187,-189,-185,-180,-198,-154,-155,-154,-144,-154,-162,-162,-199,-195,-164,-186,-186,-195,-187,-182,-225,-212,-217,-213,-206,-160,-160,-157,-189,-190,-194,-192,-247,-255,-431,-411,-428,-378,-399,0,-314,0,-369,-250,-349,-337,-408,-410,-559,-533,-550,-533,-609,-590,-617,-609,-686,-643,-904,-789,-935,-916,-1427,-1375,-6065,-6049,-29987,-29988,-29992,-29993,-29997,0]} 1. d4 d6 2. Nf3 g6 3. Bf4 Bg7 4. c3 Nd7 5. e4 e5 6. dxe5 {A41: 1 d4 d6: Tartakower System and Modern Defence} dxe5 7. Bg5 Ngf6 8. Bc4 {Black has an edge.} h6 9. Bxf6 (9. Bh4 Qe7 10. Nbd2 g5 11. Bg3 Nh5 12. Nf1 Nf4 13. Ne3 {1-0 (45) Rakhmangulov,A (2308)-Zubarev,A (2506) Lutsk 2017}) 9... Qxf6 10. Na3 $146 ({Predecessor:} 10. Nbd2 O-O 11. Qe2 Nc5 12. O-O Ne6 13. Bxe6 Qxe6 {0-1 (30) Pes Mateo,A (1955)-Valles Mata,D (2221) Aragon 2017}) 10... Nc5 11. Nd2 O-O 12. b4 Ne6 13. g3 ({White should try} 13. Nc2 $15) 13... a5 $17 {Hoping for ...axb4.} 14. Nc2 axb4 15. cxb4 Rd8 16. Qf3 $2 {[#]} (16. Qe2 $17) 16... Qe7 (16... Rxd2 $1 $19 {[%mdl 512] and Black stays clearly on top.} 17. Qxf6 (17. Kxd2 Qxf3) 17... Rxc2) 17. h4 h5 18. Nb3 Nd4 19. Nbxd4 exd4 20. Qd3 Be6 21. Bxe6 Qxe6 22. O-O Rxa2 23. Rxa2 Qxa2 24. f4 Qb2 25. e5 Qc3 26. Rd1 {aiming for Qxc3.} Qxd3 27. Rxd3 $19 {[%mdl 4096] Endgame KRB-KRN} f6 28. exf6 Bxf6 29. Kf2 Kf7 30. Kf3 Ke6 31. Ke4 Re8 32. Ra3 Kd7+ 33. Kd3 {[#]} Re6 $1 34. Ra8 {[#]} (34. b5 {was called for.}) 34... Rc6 $1 35. Rf8 $2 (35. Ra3) 35... Rc3+ 36. Kd2 Ke6 37. Rc8 Kd7 38. Rf8 Ke6 ({Don't take} 38... Rxg3 39. Rf7+ Kd6 40. b5 $19) 39. Rc8 c6 40. Rc7 b5 ({Don't play} 40... Rxg3 41. Rxb7 Rg4 42. Rb6 $19) 41. Ne1 {White hopes to continue with Nd3.} Bd8 42. Rc8 Kd7 43. Ra8 Rxg3 44. Nd3 Rg2+ 45. Kd1 Bxh4 46. Ne5+ Kd6 47. Ra6 Kd5 48. Rxc6 g5 49. Rc5+ Ke4 50. f5 d3 51. Nf3 Kxf3 {Black mates.} 52. f6 Ke4 53. f7 Rg4 $2 {[%mdl 32768] Accuracy: White = 40%, Black = 69%. . Loss on time!?} (53... Rg1+ {mates} 54. Kd2 Be1+ 55. Kd1 Bxb4#) 0-1

[Event "Prague Festival Open 2019"]
[Site "Prague"]
[Date "2019.03.14"]
[Round "7.1"]
[White "Sivuk, Vitaly"]
[Black "Stefansson, Hannes"]
[Result "0-1"]
[WhiteElo "2514"]
[BlackElo "2523"]
[Annotator "TA"]
[PlyCount "74"]
[EventDate "2019.02.28"]
[EventType "tourn"]
[EventCountry "CZE"]
[SourceTitle "playchess.com"]
[Source "ChessBase"]
[SourceQuality "1"]

{[%evp 16,74,0,-7,0,-8,31,28,35,14,37,0,0,-19,-27,-31,-28,-64,-73,-85,-82,-65,-76,-134,-107,-180,-148,-308,-295,-312,-307,-287,-268,-346,-338,-383,-359,-373,-337,-327,-217,-224,-214,-215,-221,-222,-203,-196,-206,-211,-209,-224,-217,-279,-241,-378,-368,-368,-368,-662,-507]} 1. e4 e5 2. Nc3 Nf6 3. g3 d5 4. exd5 Nxd5 5. Bg2 Nxc3 6. bxc3 Bc5 7. Nf3 Nc6 8. O-O O-O 9. Re1 Bb6 {C47: Scotch Four Knights and Four Knights with 4 g3} (9... Qf6 10. d3 h6 11. Rb1 Bb6 12. Be3 Bg4 13. h3 Be6 14. c4 e4 15. Nd2 exd3 16. c5 Ba5 17. Rxb7 Nb4 18. cxd3 Bd5 19. Rxb4 Bxg2 {½-½ (31) Nakamura,H (2787)-Xiong,J (2665) Saint Louis 2018}) 10. Nxe5 Bxf2+ 11. Kxf2 Nxe5 {White has an edge.} 12. d4 Nc4 13. Qd3 $146 ({Predecessor:} 13. Qh5 c6 14. Qc5 Be6 15. Bf4 Bd5 16. Rab1 b6 17. Qe7 Bxg2 18. Qxd8 Raxd8 19. Kxg2 {0-1 (66) Blit,J (2310)-Bispo,L (2192) Santos 2011}) 13... Nd6 14. Re5 Be6 15. Ba3 Qd7 16. Bxd6 cxd6 17. Rb5 Rab8 18. a4 Rfc8 {...Bc4 is the strong threat.} 19. Rh5 ({White should try} 19. Rbb1) 19... h6 20. h3 (20. Qd2 $17) 20... Qc7 21. Ra3 $2 {[#]} (21. Bf1 $17 {is a better defense.}) 21... Bc4 $19 22. Qd2 Re8 23. Bf3 Re6 24. Ra1 Rbe8 25. Kg1 Re3 26. Rf5 Qd7 27. g4 Qe7 28. Re5 Rxe5 ({Not} 28... dxe5 29. Qxe3 Qc7 30. Re1 $15) 29. dxe5 Qxe5 30. Kg2 b6 {[%cal Bb7b6,Bb6b5][%mdl 32]} 31. Qd4 Qxd4 32. cxd4 {[%mdl 4096] Endgame KRB-KRB} Re3 33. a5 b5 34. a6 Kf8 35. Bc6 (35. h4 $142) 35... Re2+ 36. Kg3 Rxc2 37. Rb1 $2 {[#]} (37. Re1 Rc3+ 38. Kh2) 37... Ba2 {Accuracy: White = 33%, Black = 91%.} 0-1

[Event "Prague Festival Open 2019"]
[Site "Prague"]
[Date "2019.03.14"]
[Round "7.2"]
[White "Zubov, Alexander"]
[Black "Kriebel, Tadeas"]
[Result "1/2-1/2"]
[WhiteElo "2605"]
[BlackElo "2507"]
[Annotator "TA"]
[PlyCount "33"]
[EventDate "2019.02.28"]
[EventType "tourn"]
[EventCountry "CZE"]
[SourceTitle "playchess.com"]
[Source "ChessBase"]
[SourceQuality "1"]

{[%evp 18,33,20,0,0,10,5,-26,0,-1,-9,-17,-20,-21,0,0,14,0]} 1. d4 d5 2. c4 dxc4 3. e3 Nf6 4. Bxc4 e6 5. Qe2 c5 6. dxc5 Bxc5 7. Nf3 a6 8. O-O O-O 9. e4 b5 10. Bd3 {Black must now prevent e5.} Nc6 {D26: Queen's Gambit Accepted: 4 e3 e6 5 Bxc5 c5 sidelines} 11. Nbd2 e5 12. Nb3 Bb6 {Black has an edge.} (12... Ba7 13. Be3 Bg4 14. Rfd1 Qe7 15. Rac1 Nd4 16. Nbxd4 Bxd4 17. Bxd4 exd4 18. h3 Bxf3 19. Qxf3 Rfe8 20. Qf4 Nh5 21. Qf3 Nf6 22. Qf4 {½-½ (22) Can,E (2605)-Solodovnichenko,Y (2568) Rome 2017}) 13. Be3 {The position is equal.} Be6 14. Rfd1 Bxb3 $146 ({Predecessor:} 14... Nd7 15. Rac1 Rc8 16. h3 f6 17. Qd2 Bxe3 18. Qxe3 {½-½ (30) Husemann,A (1993)-Schlotterbeck,P (2120) LSS email 2012}) 15. axb3 {[#] Hoping for Bxb5.} Bxe3 16. Qxe3 Ng4 17. Qe1 1/2-1/2

[Event "Prague Festival Open 2019"]
[Site "Prague"]
[Date "2019.03.14"]
[Round "7.3"]
[White "Stany, G.A."]
[Black "Popovic, Dusan"]
[Result "1-0"]
[WhiteElo "2507"]
[BlackElo "2511"]
[Annotator "TA"]
[PlyCount "77"]
[EventDate "2019.02.28"]
[EventType "tourn"]
[EventCountry "CZE"]
[SourceTitle "playchess.com"]
[Source "ChessBase"]
[SourceQuality "1"]

{[%evp 25,77,43,62,39,44,48,82,90,95,83,103,114,112,115,114,113,111,104,106,104,112,114,110,110,105,116,106,115,141,123,142,68,164,97,127,66,166,146,177,183,170,173,230,226,307,222,317,202,1853,1386,29992,29993,29995,29996]} 1. e4 c5 2. Nf3 d6 3. d4 cxd4 4. Nxd4 Nf6 5. Nc3 a6 6. Be3 e5 7. Nb3 Be6 8. f3 Be7 9. Qd2 O-O 10. O-O-O Qc7 11. g4 Rc8 12. g5 Nh5 13. Kb1 Nd7 14. Rg1 {B90: Sicilian Najdorf: Unusual White 6th moves, 6 Be3 Ng4 and 6 Be3 e5} Nb6 15. Qf2 Bd8 16. h4 {White is better.} g6 17. Rg2 {[#]} Nc4 $146 ({Predecessor:} 17... Qc6 18. f4 exf4 19. Bxf4 Nxf4 20. Qxf4 Be7 21. h5 Bf8 {1-0 (45) Van Oosterom,J (2725)-Hefka,V (2574) ICCF corr 2003}) 18. Bxc4 $1 Bxc4 19. Qd2 Be7 20. Na4 $1 d5 21. exd5 Bxd5 22. Bb6 (22. Qxd5 $6 Rd8 $11) 22... Qc6 23. Qxd5 Qxa4 24. Qd7 Qc6 25. Qxe7 {Rd6 is the strong threat.} Qxb6 26. Qxe5 a5 27. Rd6 Qc7 28. Rgd2 ({White should try} 28. Re2 $16) 28... Qc4 {[#]} (28... a4 $14) 29. Qd5 ({Better is} 29. R6d4 $1 $18 {[%cal Rd4c4]} Qf1+ 30. Rd1 Qxf3 31. Nxa5) 29... Qxh4 $16 {[#]} 30. Rd7 (30. Nc5 $1 $16) 30... Qe1+ (30... Rf8 $1 $14) 31. Rd1 $18 Qe8 32. Nxa5 ({Don't do} 32. Qxb7 $6 a4 $16) 32... Nf4 33. Qd2 $40 {[%mdl 128] White wants a kill.} Qe5 (33... Qe6 $142 34. Re1 (34. Qxf4 Rxa5 35. a3 Re8 $16) (34. Rxb7 Qf5 $14) 34... Qf5) 34. Nxb7 Rab8 35. a4 Ne6 (35... Qxg5 $142 36. Nd6 Qf6) 36. Re1 Qg3 $2 {[#]} (36... Qxg5 37. Qxg5 Nxg5) 37. Rxe6 $1 fxe6 38. Qd4 {[%csl Gd7][%cal Rd4g7]} Qe1+ 39. Ka2 {Accuracy: White = 67%, Black = 28%.} 1-0

[Event "Prague Festival Open 2019"]
[Site "Prague"]
[Date "2019.03.14"]
[Round "7.4"]
[White "Gasanov, Eldar"]
[Black "Sedlak, Nikola"]
[Result "0-1"]
[WhiteElo "2500"]
[BlackElo "2605"]
[Annotator "TA"]
[PlyCount "176"]
[EventDate "2019.02.28"]
[EventType "tourn"]
[EventCountry "CZE"]
[SourceTitle "playchess.com"]
[Source "ChessBase"]
[SourceQuality "1"]

{[%evp 10,176,28,28,37,31,41,33,34,19,39,9,29,18,18,28,28,-8,0,0,17,32,35,22,17,-9,-9,-256,-280,-272,-278,-479,-479,-468,-469,-508,-489,-457,-445,-451,-437,-454,-441,-516,-510,-593,-591,-597,-585,-559,-490,-488,-271,-494,-490,-494,-489,-478,-448,-465,-451,-455,-460,-458,-436,-265,-8,-8,-8,-8,-8,-8,-8,-11,-40,-47,-8,-83,-83,-83,-83,-83,-83,-83,-83,-83,-83,-83,-83,-83,-83,-83,-83,-83,-83,-86,-47,-47,-47,-47,-47,-47,-47,-47,-47,-47,-47,-47,-47,-47,0,-47,-47,-47,-47,-47,-47,-47,-47,-47,-47,-8,-8,-47,-47,-47,-47,-47,-47,-47,-47,-47,-47,-47,-53,-54,0,-47,-47,-54,0,-55,-47,-47,-48,-48,-48,-48,-48,-72,-55,-88,-93,-29969,-29970,-29972,-29973,-29973,-29974,-29974,-29975,-29980,-29981,-29981,-29982,-29982,-29983,-29983,-29984]} 1. d4 e6 2. c4 f5 3. g3 Nf6 4. Bg2 Be7 5. Nf3 d5 6. O-O Ne4 {A92: Classical Dutch: Classical Stonewall (with ...Be7): Early deviations} 7. Nc3 c6 8. Qc2 (8. Nd2 Nd6 9. b3 Nd7 10. a4 h5 11. b4 h4 12. b5 hxg3 13. hxg3 Nf6 14. Qb3 {0-1 (37) Riazantsev,A (2651)-Rapport,R (2692) Palma de Mallorca 2017}) 8... Nd7 {White is slightly better.} 9. Rb1 a5 10. a3 O-O 11. Bf4 g5 $146 ({Predecessor:} 11... Qe8 12. b4 Qh5 13. c5 axb4 14. axb4 g5 15. Bc1 Bf6 16. Rd1 g4 {1-0 (46) Melnichuk,M (2118)-Tchoubar,V (2313) Kiev 2006}) 12. Be3 Nd6 13. b3 dxc4 14. Ne5 cxb3 (14... a4 {feels hotter.} 15. Nxc4 axb3 16. Qxb3 Nxc4 17. Qxc4 Nb6) 15. Qxb3 f4 16. gxf4 ({Don't play} 16. Qxe6+ Kh8 $11) 16... gxf4 17. Qxe6+ Kh8 18. Nxd7 $2 (18. Bc1 $11) 18... Rf6 $1 $19 {[%cal Rf6e6]} 19. Qe5 Nc4 $1 {[%cal Rc4e5]} 20. Qh5 $2 (20. Qe4 Bxd7 21. d5 Nxe3 22. fxe3) 20... Bxd7 ({Less strong is} 20... Qxd7 21. Bc1 $17) 21. Bc1 Rg6 22. h3 ({But not} 22. Rxb7 Bg4 $19) 22... Qg8 23. Qf3 {[#]} Rxg2+ $1 {[%mdl 576] Remove Defender} 24. Qxg2 Bxh3 $1 {[%csl Gh3][%cal Rg8g2]} 25. Qxg8+ Rxg8+ 26. Kh2 Bxf1 27. Rxb7 Bh4 28. Bxf4 Bxf2 {( -> ...Rg4)} 29. Ne4 Bg1+ 30. Kh1 Bg2+ 31. Kxg1 Bxe4+ 32. Kf2 Rg2+ 33. Kf1 Rg6 34. Kf2 h5 35. Re7 Rg2+ 36. Kf1 Bd5 37. e4 Rg7 $2 (37... Rg4 $19 38. Be5+ Nxe5 39. exd5 Rxd4 40. Rxe5 Rxd5) 38. Rxg7 $11 Kxg7 39. exd5 cxd5 {[%mdl 4096] Endgame KB-KN} 40. a4 $1 Kf6 41. Kf2 Ke6 42. Kg3 Kd7 (42... Kf5 $5 {[%cal Rf5e4]} 43. Kf3 h4 $17) 43. Kh4 (43. Bg5 $11 {keeps the balance.}) 43... Kc6 $1 $17 44. Bc1 Kb7 $1 {[%cal Rb7a6]} 45. Kxh5 {[#]} Nb6 $1 46. Kg4 Nxa4 47. Kf3 Kb6 48. Ke3 Nc3 49. Kd3 Nb5 50. Be3 Kc6 51. Kc2 a4 52. Kb2 Nd6 53. Bf4 {Threatening Bxd6.} Nf5 54. Ka3 Kb5 (54... Nxd4 $2 55. Kb4 $19) 55. Be5 Ne3 56. Bg7 Nc4+ 57. Ka2 Kb4 58. Bf8+ $1 Kc3 59. Bg7 $1 Kb4 60. Bf8+ Ka5 61. Be7 Nd2 62. Ka3 Nf3 63. Bf6 Ne1 {And now ...Nf3 would win.} 64. Bg7 Nc2+ 65. Kb2 Nb4 66. Ka3 Nc6 67. Bf6 Kb5 68. Bg7 Na5 69. Bf6 Nc4+ 70. Ka2 Kb4 {White must now prevent ...Na5.} 71. Be7+ Kc3 72. Bf6 $1 Kb4 73. Be7+ Ka5 74. Bd8+ Kb5 {...Ne3 is the strong threat.} 75. Bf6 $1 Ne3 {Hoping for ...Kb4.} 76. Ka3 $1 Ng4 77. Bg7 Ka5 {Strongly threatening ...Ne3.} (77... Ne3 $2 78. Bh8 $19) 78. Bf8 Ne3 {Threatens to win with ...Nf5.} 79. Bg7 Nc4+ 80. Ka2 Nd6 {aiming for ...Nf5.} 81. Bf6 $2 {[%mdl 8192] [#]} (81. Be5 $17 Nb5 82. Kb2) 81... Nb5 $1 {Black mates.} 82. Bd8+ Kb4 83. Be7+ Kc4 84. Bf6 a3 85. Be7 Kxd4 86. Kb3 Ke4 87. Bg5 d4 88. Bc1 d3 {Accuracy: White = 60%, Black = 73%.} 0-1

[Event "Prague Festival Open 2019"]
[Site "Prague"]
[Date "2019.03.14"]
[Round "7.5"]
[White "Bakhmatsky, Vladislav"]
[Black "Van den Doel, Erik"]
[Result "1-0"]
[WhiteElo "2419"]
[BlackElo "2610"]
[Annotator "TA"]
[PlyCount "149"]
[EventDate "2019.02.28"]
[EventType "tourn"]
[EventCountry "CZE"]
[SourceTitle "playchess.com"]
[Source "ChessBase"]
[SourceQuality "1"]

{[%evp 19,149,19,20,6,29,34,22,15,28,6,6,0,8,1,31,17,68,50,56,64,85,104,79,0,126,109,127,143,247,148,147,135,147,143,138,23,142,141,113,72,85,85,90,90,104,67,60,67,63,63,69,70,75,60,66,99,166,158,176,151,217,204,206,193,193,193,193,193,193,193,193,192,202,197,225,228,227,228,222,202,219,220,214,217,209,209,226,217,227,220,228,208,212,193,198,193,241,241,291,259,360,360,416,402,409,411,409,417,402,389,387,380,411,403,564,564,625,460,393,373,485,441,29963,29969,29968,29970,29969,29971,29970,29972,29968,29971]} 1. e4 e5 2. Nf3 Nc6 3. Bc4 Bc5 4. O-O Nf6 5. d3 d6 6. c3 h6 7. Re1 O-O 8. Nbd2 a6 9. Bb3 Ba7 10. h3 Be6 11. Bc2 {C54: Giuoco Piano: 4 c3 Nf6, main lines with 5 d4 and 5 d3} (11. Nf1 Re8 12. N3h2 Qd7 13. Qf3 Kh7 14. Ng3 d5 15. Bc2 d4 16. Nf5 Bxf5 17. exf5 e4 18. dxe4 Ne5 19. Qd1 d3 20. Bb3 {0-1 (29) Andriasian,Z (2603)-Nakamura,H (2763) chess.com INT 2018}) 11... Nd7 12. Nf1 f5 13. exf5 {The position is equal.} Bxf5 ({Don't go for} 13... Rxf5 $2 14. d4 $16) 14. Ng3 $146 ({Predecessor:} 14. Bb3+ Kh8 15. Ne3 Bh7 {1-0 (43) Capote Robayna,J (1695)-Guerra Arrocha,D (1549) Granada 2009}) 14... Bg6 15. Be3 Kh8 (15... Qf6 {feels hotter.} 16. Bb3+ Kh8 17. Bxa7 Rxa7 18. d4 Raa8) 16. d4 Bxc2 (16... Qf6 {keeps more tension.} 17. Bxg6 Qxg6 18. Nh4 Qf7 19. Qc2 exd4 20. cxd4 Rfe8) 17. Qxc2 Rxf3 (17... Qf6 $11) 18. gxf3 $14 exd4 19. cxd4 Nxd4 20. Bxd4 Bxd4 21. Kg2 (21. f4 $16) 21... c5 (21... Qf6 $1 $11 {remains equal.}) 22. Qf5 $16 Ne5 23. f4 Nd7 (23... Nc4 $16) 24. Re2 (24. Qf7 $1 $18 Nb6 25. Nf5 (25. Qxb7 Rb8 $16)) 24... Nf6 {[#]} 25. Rae1 $1 Qg8 26. Re6 Rf8 27. Nh5 (27. Rxd6 $16 {aiming for Re7.} Qxa2 28. Re7) 27... Bxb2 (27... Nxh5 $11 {keeps the balance.} 28. Qxh5 Be5) 28. Nxf6 Bxf6 29. Qg6 Qf7 30. Qxf7 Rxf7 31. Rxd6 {[%mdl 4096] Endgame KRR-KRB} Rc7 32. Rb6 {Hoping for Re8+.} c4 33. Reb1 c3 34. Rxb7 c2 35. Rb8+ Kh7 36. Rc1 Kg6 37. Kf3 Kf5 (37... Rc4 $16) 38. Rb3 $18 Rc4 39. Ke2 Bh4 (39... g5 $16 40. Kd3 Rd4+ 41. Kxc2 Rxf4) 40. Rb2 Rxf4 41. f3 Bf6 42. Rbxc2 Rh4 43. Rh1 Ra4 44. Kf2 Kf4 45. Rb1 h5 46. Rb3 Bd4+ {[#]} 47. Kg2 $1 Bf6 48. Re2 Kf5 49. Rbe3 Bg5 50. Re5+ Kg6 51. R5e4 Ra3 52. Rb4 Kf5 53. Rb3 Ra5 54. a3 {[%cal Ba2a3,Ba3a4][%mdl 32]} Bf6 55. Re4 Rc5 56. a4 Rc2+ 57. Kg1 Rd2 58. Rbb4 Be5 59. Rbc4 Bd6 60. Kf1 Rh2 61. Rcd4 Bg3 62. Rd5+ Kf6 63. Rxh5 Rf2+ 64. Kg1 Rxf3 65. Kg2 Ra3 66. Ra5 g5 67. Rc4 Be5 68. h4 gxh4 69. Rxh4 Ra2+ 70. Kf3 Rb2 (70... Bc3 $18) 71. Rh6+ {White mates.} Kg7 72. Rhxa6 Bf6 73. Rb5 Ra2 74. Rb7+ Kg6 75. Rbb6 {Accuracy: White = 77%, Black = 44%.} 1-0

[Event "Prague Festival Open 2019"]
[Site "Prague"]
[Date "2019.03.14"]
[Round "7.6"]
[White "Pulpan, Jakub"]
[Black "Bernadskiy, Vitaliy"]
[Result "0-1"]
[WhiteElo "2417"]
[BlackElo "2581"]
[Annotator "TA"]
[PlyCount "84"]
[EventDate "2019.02.28"]
[EventType "tourn"]
[EventCountry "CZE"]
[SourceTitle "playchess.com"]
[Source "ChessBase"]
[SourceQuality "1"]

{[%evp 9,84,9,13,10,2,10,31,20,63,55,63,48,34,41,37,56,86,83,102,77,95,18,16,0,0,0,47,0,0,0,0,0,0,0,0,0,2,-35,-35,-65,-58,-67,-65,-124,-124,-119,-119,-119,-114,-114,-88,-83,-87,-123,-119,-235,-225,-341,-222,-239,-232,-216,-234,-260,-242,-225,-243,-497,-495,-441,-435,-418,-404,-1328,-947,-877,-896]} 1. e4 e6 2. d4 d5 3. Nd2 Nc6 4. Ngf3 Nf6 5. exd5 exd5 6. Bb5 {C04: French Tarrasch: 3...Nc6} (6. c3 Bd6 7. Bd3 O-O 8. O-O Ne7 9. Ne5 c5 10. Re1 cxd4 11. cxd4 Bf5 12. Nf1 Bxd3 13. Qxd3 Ne4 14. Ng4 f5 15. Nge3 Kh8 16. f3 {0-1 (60) Hammer,J (2628)-Shaposhnikov,E (2557) chess.com INT 2017}) 6... Bd6 7. Qe2+ Be6 8. Ng5 $146 {White is slightly better.} ({Predecessor:} 8. Ne5 O-O 9. Nxc6 bxc6 10. Bxc6 Rb8 11. Nf1 Rb6 12. Ba4 Rb4 13. Bb3 Rxd4 {½-½ (47) Player,E (2122)-Potts,A (2274) Birmingham 2006}) 8... O-O 9. Nxe6 fxe6 10. Bxc6 bxc6 11. Qxe6+ Kh8 12. O-O Qe8 13. Qxe8 Raxe8 {[#]} 14. c4 $1 Re2 {[#]} 15. cxd5 ({White should play} 15. c5 $1 $16 {[%cal Rc5d6]} Be7 16. b4) 15... cxd5 $11 16. Nf3 Ne4 $36 {[%mdl 2048] Black has good play.} 17. a3 g5 18. h3 h5 19. Be3 ({Of course not} 19. Nxg5 Nxf2 20. Be3 Nd3 $17) 19... g4 20. hxg4 hxg4 21. Ne5 Bxe5 22. dxe5 c5 23. b4 d4 24. Bh6 Rf5 $1 {[%cal Re4f2]} 25. bxc5 {Black must now prevent Rfe1.} Kh7 $1 {[%cal Rh7h6]} 26. Rfe1 (26. Rae1 $15 Rfxf2 27. Rxe2 Rxe2 28. Bf8) 26... Rfxf2 $17 27. Rxe2 Rxe2 {[%mdl 4096] Endgame KRB-KRN} 28. Bf4 Nxc5 29. Rd1 Ne6 30. Bg3 Re3 31. Bf2 Rxe5 32. Rb1 (32. Bg3 $17 {might work better.} Re3 33. Bf2) 32... Kg6 $19 33. Rb7 (33. Kf1 $142) 33... Ra5 34. Rb4 Rd5 ({Don't do} 34... Rxa3 35. Bxd4 Nxd4 36. Rxd4) 35. Kf1 Kf5 36. Ra4 Rd7 37. Ra6 Nf4 38. g3 $2 (38. Ra5+ {was the only chance.} Ke4 39. Ra4) 38... Nd3 39. Bg1 Ke4 40. Ke2 Ne5 41. Rf6 (41. Ra4 $142 a5 42. Bf2) 41... Rf7 42. Re6 Rf3 {Accuracy: White = 41%, Black = 75%.} 0-1

[Event "Prague Festival Open 2019"]
[Site "Prague"]
[Date "2019.03.15"]
[Round "8.1"]
[White "Stefansson, Hannes"]
[Black "Stany, G.A."]
[Result "1/2-1/2"]
[WhiteElo "2523"]
[BlackElo "2507"]
[Annotator "TA"]
[PlyCount "96"]
[EventDate "2019.02.28"]
[EventType "tourn"]
[EventCountry "CZE"]
[SourceTitle "playchess.com"]
[Source "ChessBase"]
[SourceQuality "1"]

{[%evp 17,96,19,18,0,0,0,0,-6,34,29,34,30,25,12,10,21,68,60,72,68,62,62,66,65,67,72,107,87,104,97,97,90,81,72,81,76,77,72,68,61,71,58,60,48,55,43,57,45,78,79,147,141,168,174,194,190,322,343,326,262,657,532,510,487,564,510,543,558,563,548,1430,547,516,-78,-78,-78,-78,-86,-86,-86,-86]} 1. Nf3 Nf6 2. c4 g6 3. g3 Bg7 4. Bg2 d5 5. cxd5 Nxd5 6. d4 Nb6 7. O-O Nc6 8. e3 O-O 9. Nc3 Re8 10. a3 {D76: Fianchetto Grünfeld: Main Line with 7...Nb6} e5 {[%cal Re5d4]} 11. d5 Na5 12. Qc2 {The position is equal.} e4 ({But not} 12... Nxd5 $2 13. Rd1 $16) 13. Nxe4 Qxd5 14. Nd4 {Black must now prevent Nf6+!} Qc4 {[#]} 15. Qxc4 $146 ({Predecessor:} 15. Qd1 Bf5 16. Nxf5 gxf5 17. Nd2 Qd3 {1-0 (56) Duda,J (2658)-Seel,C (2474) Berlin 2015}) 15... Nbxc4 16. Ra2 Ne5 17. b4 $36 {[%mdl 2048] White has some pressure.} Nac6 18. Rc2 Bg4 {White should prevent ...Nxd4.} 19. Nxc6 Nxc6 20. Nc5 Bf5 21. Rd2 Ne5 22. Bxb7 Rad8 23. Rxd8 Rxd8 24. Kg2 Nd3 25. Nxd3 Bxd3 26. Rg1 f5 27. Bf3 Bc2 28. Be2 Bc3 29. f3 a5 30. bxa5 Bxa5 31. Bc4+ Kf8 32. Rf1 c5 33. Rf2 Ba4 (33... Bd3 $142) 34. e4 $1 $16 Rd4 {[#]} 35. Bd5 $1 c4 36. Be3 Rxd5 (36... Rd3 {was worth a try.}) 37. exd5 $18 {[%mdl 4096] Endgame KRB-KB} c3 38. Re2 Bd1 $2 (38... Bd8 39. h4 Bf6 40. Bh6+ Kf7) 39. Bh6+ Kf7 40. Re6 Bb3 41. Ra6 Bd8 42. Ra7+ Ke8 43. d6 g5 44. Rxh7 (44. d7+ $142 Ke7 45. Bxg5+ Kd6 46. Bxd8) 44... Bf6 45. Bg7 $2 (45. Rc7 $18) 45... Bxg7 $17 {Black is better.} 46. Rxg7 {[#]} Bf7 $1 {...c2 is the strong threat.} 47. d7+ Kd8 48. Rxf7 c2 {Accuracy: White = 59%, Black = 48%.} 1/2-1/2